| 000 | 00510nam a2200181Ia 4500 | ||
|---|---|---|---|
| 005 | 20250326123425.0 | ||
| 008 | 250326s9999 xx 000 0 und d | ||
| 037 | _aTextbook | ||
| 040 |
_aFMSL _beng _cFMSL |
||
| 041 |
_aeng _2eng |
||
| 084 |
_aX7y71 M2 _qFMSL |
||
| 100 |
_aFeiger G _9735110 |
||
| 245 | 0 |
_aInternational fice : text and case _cFeiger G; Jacquillat B |
|
| 260 |
_aLondon _bLondon, Allyn & Bacon _c1982 |
||
| 300 | _a450p | ||
| 942 |
_cTB _hX7y71 M2 |
||
| 999 |
_c1269307 _d1269307 |
||